Normal view
MARC view
Entry Personal Name
001 - CONTROL NUMBER
- control field: 124258
003 - CONTROL NUMBER IDENTIFIER
- control field: OSt
005 - DATE AND TIME OF LATEST TRANSACTION
- control field: 20230619102100.0
008 - FIXED-LENGTH DATA ELEMENTS
- fixed length control field: 230619|| aca||aabn | a|a d
040 ## - CATALOGING SOURCE
- Original cataloging agency: OSt
- Transcribing agency: OSt
100 ## - HEADING--PERSONAL NAME
- Personal name: THAMPY (Rosi): തമ്പയ് (റോസി)
670 ## - SOURCE DATA FOUND
- Source citation: Work cat.: (OSt): Rosi Thampy: റോസി തമ്പയ് 124256, Sahajeevanam: സഹജീവനം , 2012